Evaluation of Innovation Performance of Visegrad Countries Regions Putting a Stress on Human Capital
Zhodnotenie inovačnej výkonnosti regiónov Vyšehradskej skupiny, ktorá kladie dôraz na ľudský kapitál. Prieskum bol realizovaný na úrovni NUTS II regiónov.
Guardado en:
| Autor principal: | |
|---|---|
| Otros Autores: | |
| Formato: | Capítulo de libro |
| Lenguaje: | inglés |
| Materias: | |
| Etiquetas: |
Sin Etiquetas, Sea el primero en etiquetar este registro!
|
MARC
| LEADER | 00000nla a2200000 4500 | ||
|---|---|---|---|
| 001 | 0246680 | ||
| 005 | 20240417075142.3 | ||
| 041 | 0 | |a eng | |
| 044 | |a SK | ||
| 245 | 1 | 0 | |a Evaluation of Innovation Performance of Visegrad Countries Regions Putting a Stress on Human Capital |c Eva Ivanová, Jana Masárová |
| 520 | |a Zhodnotenie inovačnej výkonnosti regiónov Vyšehradskej skupiny, ktorá kladie dôraz na ľudský kapitál. Prieskum bol realizovaný na úrovni NUTS II regiónov. | ||
| 610 | 2 | 0 | |a výkonnosť inovačná |
| 610 | 2 | 0 | |a Vyšehradská štvorka |
| 610 | 2 | 0 | |a stratégia inovačná |
| 610 | 2 | 0 | |a kapitál ľudský |
| 100 | 1 | |a Ivanová, Eva | |
| 700 | 1 | |a Masárová, Jana | |